| 000 | 01372nam a2200337Ia 4500 | ||
|---|---|---|---|
| 001 | ebr10721333 | ||
| 003 | CaPaEBR | ||
| 006 | m o u | ||
| 007 | cr cn||||||||| | ||
| 008 | 130102s2013 nyu sb 001 0 eng d | ||
| 010 | _z 2013000079 | ||
| 020 | _z9780801450822 (cloth : alk. paper) | ||
| 020 | _z9780801468940 | ||
| 040 |
_aCaPaEBR _cCaPaEBR |
||
| 035 | _a(OCoLC)868943950 | ||
| 050 | 1 | 4 |
_aDS935.65 _b.A76 2013eb |
| 082 | 0 | 4 |
_a951.9304/3 _223 |
| 100 | 1 | _aArmstrong, Charles K. | |
| 245 | 1 | 0 |
_aTyranny of the weak _h[electronic resource] : _bNorth Korea and the world, 1950-1992 / _cCharles K. Armstrong. |
| 260 |
_aIthaca : _bCornell University Press, _c2013. |
||
| 300 | _aviii, 307 p. | ||
| 440 | 0 | _aStudies of the Weatherhead East Asian Institute, Columbia University | |
| 504 | _aIncludes bibliographical references and index. | ||
| 533 |
_aElectronic reproduction. _bPalo Alto, Calif. : _cebrary, _d2013. _nAvailable via World Wide Web. _nAccess may be limited to ebrary affiliated libraries. |
||
| 650 | 0 | _aInternational relations. | |
| 651 | 0 |
_aKorea (North) _xForeign relations. |
|
| 651 | 0 |
_aKorea (North) _xPolitics and government. |
|
| 655 | 7 |
_aElectronic books. _2local |
|
| 710 | 2 | _aebrary, Inc. | |
| 856 | 4 | 0 |
_uhttp://site.ebrary.com/lib/rucke/Doc?id=10721333 _zAn electronic book accessible through the World Wide Web; click to view |
| 999 |
_c39793 _d39793 |
||